<?xml version="1.0" encoding="UTF-8"?>
<marc:record xmlns:marc="http://www.loc.gov/MARC21/slim">
   <marc:leader>00000nam a2200000 a 4500</marc:leader>
   <marc:datafield ind1=" " ind2=" " tag="653">
      <marc:subfield code="a">Kassette / Kinder- und Jugendbücher/Jugendbücher ab 12 Jahre</marc:subfield>
   </marc:datafield>
   <marc:datafield ind1=" " ind2=" " tag="653">
      <marc:subfield code="a">CD</marc:subfield>
   </marc:datafield>
   <marc:datafield ind1="0" ind2="0" tag="245">
      <marc:subfield code="a">Grischa</marc:subfield>
   </marc:datafield>
   <marc:datafield ind1="0" ind2="0" tag="245">
      <marc:subfield code="c">Leigh Bardugo. Gelesen von Cathlen Gawlich. Aus dem Amerikan. von Henning Ahrens. Bearb. und Regie: Sabine Stiepani</marc:subfield>
   </marc:datafield>
   <marc:datafield ind1=" " ind2="1" tag="264">
      <marc:subfield code="a">Hamburg</marc:subfield>
      <marc:subfield code="b">Hörbuch Hamburg</marc:subfield>
      <marc:subfield code="c">2012</marc:subfield>
   </marc:datafield>
   <marc:datafield ind1="1" ind2=" " tag="520">
      <marc:subfield code="a">Angaben aus der Verlagsmeldung

Grischa - Goldene Flammen / von Leigh Bardugo

In Alinas Welt stehen die Grischa über allem - stolz,
machtvoll und der Magie kundig, lenken sie die
Geschäfte des Landes. Nie hätte sich Alina, die
einfache Kartografin, träumen lassen, einmal zu
ihnen zu gehören. Nun muss sie Maljen, ihren
besten Freund und ihre erste Liebe, zurücklassen
und ihre Heimat vor der drohenden Dunkelheit
retten. Erst einmal muss sie sich aber im
Palast der Grischa zurechtfinden. Einer gefährlichen
Welt, in der die magische Elite das Sagen
hat - allen voran ihr eitler und mächtiger Führer:
düster, ehrgeizig und bedenklich charmant.
</marc:subfield>
   </marc:datafield>
   <marc:datafield ind1=" " ind2=" " tag="020">
      <marc:subfield code="a">9783867421331</marc:subfield>
      <marc:subfield code="9">9783867421331</marc:subfield>
   </marc:datafield>
   <marc:datafield ind1=" " ind2=" " tag="020">
      <marc:subfield code="a">3867421331</marc:subfield>
      <marc:subfield code="9">3867421331</marc:subfield>
   </marc:datafield>
   <marc:datafield ind1=" " ind2=" " tag="041">
      <marc:subfield code="a">ger</marc:subfield>
   </marc:datafield>
   <marc:datafield ind1=" " ind2=" " tag="300">
      <marc:subfield code="a">5 CDs (ca. 390 Min.)</marc:subfield>
   </marc:datafield>
</marc:record>
